00676nam a2200169 a 450000100100000000500170001000800410002704000250006808200150009310000420010824500720015026000580022230000290028004900090030995201710031899900170048900003240920200930065627.0110715s1945 dr c 000 0 spa d aDO-SdBNPbspacBNPHU axxxbM385m1 aMartínez de Trujillo, María9622310aMeditaciones morales :bBrevario /cMaría Martínez de Trujillo. aSantiago, República Dominicana :bEl Diario,c1945. a41 p. :bretr. ;c16 cm. aBNPD 001050718RVaPDbPDcCTd2011-07-15iLF1l0oxxx M385mp32409-10r2020-06-25w2020-06-25y1zPerteneció a la biblioteca personal de Martínez BoogZNo se presta c31900d31900